000 00452cam a2200193ua 4500
001 3969
005 20260515113748.0
008 111212n ii |||gr||||Z||||||asm
040 _cMAIN
082 _a891.4511
100 _aSarma, Jajneswar,
245 1 1 _aSatapatra
_cby Jajneswar Sarma
250 _a8th.
260 _aGuwahati:
_bLawyers book stall,969.
300 _a110p:
_c23cm.
653 _aAssamese poem
653 _aSatapatra
942 _cBK
999 _c3789
_d3789